| 000 | 01060nam a22003017a 4500 | ||
|---|---|---|---|
| 003 | CHAP | ||
| 005 | 20220329134014.0 | ||
| 008 | 971013s1962 r 00010 d | ||
| 010 | _a13969 | ||
| 011 | _a14941 | ||
| 035 | _a19015 | ||
| 040 | _cCHAP | ||
| 090 | _aFolleto 4063 | ||
| 100 | 0 | 0 |
_aGonzález Gallardo, Alfonso. _948916 |
| 245 | _aNotas complementarias al informe rendido por Dr. Roger P. Humbert... sobre inspección a los campos Xicoténcatl, Tamps... | ||
| 260 |
_aMéxico, D.F. : _bInstituto para el Mejoramiento de la Producción de Azúcar, _c1962 |
||
| 300 | _a40 h. | ||
| 590 |
_aBATCH-UPD _b10 _c20130110 _lUCH01 _h2141 |
||
| 590 |
_aBATCH-UPD _b10 _c20130410 _lUCH01 _h1449 |
||
| 590 |
_aBATCH-UPD _b10 _c20130914 _lUCH01 _h0834 |
||
| 590 |
_aCONVERSION _b10 _c20130109 _lUCH01 _h1309 |
||
| 650 | 1 | 4 |
_aCaña de azúcar _xMaduración. _918623 |
| 650 | 1 | 4 |
_aCaña de azúcar _xTamaulipas. _918651 |
| 650 | 1 | 4 |
_aIngenio Xicoténcatl, Tamps. _958307 |
| 901 | _aBK | ||
| 942 | _cFOLL | ||
| 949 |
_aFolleto 4063 _bBC _cFOLL _d-44183 _eTS1 _i19015 _mD _si |
||
| 999 |
_c13969 _d13969 |
||